Japans traum vom musterland

Gorde:
Xehetasun bibliografikoak
Egile nagusia: Abegg, Lily
Formatua: Liburua
Hizkuntza:Undetermined
Argitaratua: Verlag Kurt Desch 1973
Gaiak:
Etiketak: Etiketa erantsi
Etiketarik gabe, Izan zaitez lehena erregistro honi etiketa jartzen!
Thư viện lưu trữ: Trung tâm Học liệu Trường Đại học Cần Thơ
LEADER 00468nam a2200181Ia 4500
001 CTU_97330
008 210402s9999 xx 000 0 und d
082 |a 291.23 
082 |b A138 
100 |a Abegg, Lily 
245 0 |a Japans traum vom musterland 
245 0 |c Lily Abegg 
260 |b Verlag Kurt Desch 
260 |c 1973 
650 |a Messianism, political 
650 |z Japan 
904 |i Tuyến 
980 |a Trung tâm Học liệu Trường Đại học Cần Thơ